The Craft of Public Administration (Record no. 4313)

MARC details
005 - DATE AND TIME OF LATEST TRANSACTION
control field 20250618140538.0
020 ## - INTERNATIONAL STANDARD BOOK NUMBER
International Standard Book Number 978-0-07-281740-9
082 ## - DEWEY DECIMAL CLASSIFICATION NUMBER
Classification number 351 BER
100 ## - MAIN ENTRY--PERSONAL NAME
Author name BERKLEY,G.
245 ## - TITLE STATEMENT
Title The Craft of Public Administration
250 ## - EDITION STATEMENT
Edition statement 9th Ed.
260 ## - PUBLICATION, DISTRIBUTION, ETC.
Place of publication, distribution, etc. NewYork,
Name of publisher, distributor, etc. The McGraw-Hill Companies,Inc.,
Date of publication, distribution, etc. 2004.
300 ## - PHYSICAL DESCRIPTION
Extent viii,416p.:ill.;figures,tables
Other physical details Bibliography, Indexes
Dimensions 23.5cm
700 ## - ADDED ENTRY--PERSONAL NAME
Other authors/Editors Rouse,John
942 ## - ADDED ENTRY ELEMENTS (KOHA)
Source of classification or shelving scheme Dewey Decimal Classification
Koha item type Books
Holdings
Date last seen Total checkouts Full call number Barcode Cost, replacement price Price effective from Koha item type Lost status Source of classification or shelving scheme Damaged status Not for loan Withdrawn status Home library Current library Shelving location Date acquired Source of acquisition Cost, normal purchase price
06/18/2025   351 BER MZA0001446 150000.00 06/18/2025 Books   Dewey Decimal Classification       CBE Mwanza CBE Mwanza General Collection 06/18/2025 Library Budget 50000.00